Constitutions, electoral laws, treaties of states in the Near and Middle East.

Bibliographic Details
Main Author: Davis, Helen Miller
Format: Book
Language:English
Published: Durham, N.C. : Duke University Press, 1953.
Edition:[2d ed., rev and enl.].
Series:Duke University publications.
Subjects:

MARC

Tag First Indicator Second Indicator Subfields
LEADER 00000cam a2200000 4500
001 in00000062207
005 20151008051659.0
008 790328s1953 ncu 00000 eng
010 |a  53001476  
035 |a (OCoLC)04794213 
035 |9 AAG9374AM 
040 |a DLC  |c CLE  |d TXA  |d UtOrBLW 
049 |a TXAM  |c [340330] 
090 |a JQ1758.A2  |b D3 1953 
092 |a 342.56  |b D262c, 1953 
100 1 |a Davis, Helen Miller. 
245 1 0 |a Constitutions, electoral laws, treaties of states in the Near and Middle East. 
250 |a [2d ed., rev and enl.]. 
264 1 |a Durham, N.C. :  |b Duke University Press,  |c 1953. 
300 |a xxii, 541 pages :  |b map. ;  |c 24 cm. 
336 |a text  |b txt  |2 rdacontent 
337 |a unmediated  |b n  |2 rdamedia 
338 |a volume  |b nc  |2 rdacarrier 
490 1 |a Duke University publications 
650 0 |a Constitutions. 
650 0 |a Election law  |z Middle East. 
650 0 |a Treaties  |v Collections. 
651 0 |a Middle East  |x Constitutional law. 
651 0 |a Middle East  |x Politics and government. 
830 0 |a Duke University publications. 
999 |a MARS 
999 f f |s 1ec97a24-1d56-3e23-8244-4148504718bb  |i 0f2dea99-f189-3022-877d-8e0d95add0b7  |t 0 
952 f f |p ric  |a Texas A&M University  |b Rellis Campus  |c Joint Library Facility  |d Remote Storage  |t 0  |e JQ1758.A2 D3 1953  |h Library of Congress classification  |i unmediated -- volume  |m A14800787332 
998 f f |a JQ1758.A2 D3 1953  |t 0  |l Remote Storage